| 000 -ლიდერი |
| ფიქსირებული სიგრძის საკონტროლო ველი |
01602nam a2200241Ia 4500 |
| 001 - საკონტროლო ნომერი |
| საკონტროლო ველი |
22565 |
| 003 - საკონტროლო ნომრის იდენტიფიკატორი |
| საკონტროლო ველი |
GE_BSU |
| 005 - ბოლო ოპერაციის თარიღი და დრო |
| საკონტროლო ველი |
20220920170455.0 |
| 008 - ფიქსირებული სიგრძის მონაცემთა ელემენტები - ზოგადი ინფორმაცია |
| ფიქსირებული სიგრძის საკონტროლო ველი |
181216s2008||||ge |||||||||||||| ||geo|| |
| 040 ## - კატალოგიზაციის წყარო |
| Transcribing agency |
GE_BSU |
| 041 ## - ენის კოდი |
| Language code of text/sound track or separate title |
geo |
| 080 ## - უნივერსალური ათობითი კლასიფიკაციის ინდექსი |
| Universal Decimal Classification number |
94(479.22) შ-97 |
| 100 ## - მთავარი ჩანაწერი - პიროვნების სახელი |
| Personal name |
შუშანიძე, ნონა |
| 9 (RLIN) |
11695 |
| 245 ## - ცნობა სათაურის შესახებ |
| Title |
სამხრეთ - დასავლეთ საქართველოს კულტურული ურთიერთობები აღმოსავლეთის ქვეყნებიდან (ოსმალური მხატვრული კერამიკის მიხედვით XVI-XVIII სს.) : დისერტაცია / |
| Statement of responsibility, etc |
ნონა შუშანიძე; სამეცნიერო ხელმძღვანელი გ. ლორთქიფანიძე; ბსუ. |
| 264 ## - წარმოების, გამოცემის, დისტრიბუციის და სხვა ცნობები |
| გამოცემის, წარმოების, დისტრიბუციის... ადგილი |
ბათუმი, |
| გამოცემის, წარმოების, დისტრიბუციის... თარიღი |
2008. |
| 300 ## - ფიზიკური აღწერა |
| Extent |
137გვ. ; |
| Other physical details |
30 სმ. |
| 653 ## - INDEX TERM--UNCONTROLLED |
| Uncontrolled term |
სამხრეთ-დასავლეთ საქართველოს კულტურული ურთიერთობები აღმოსავლეთის ქვეყნებიდან (ოსმალური მხატვრული კერამიკის მიხედვით XVI-XVIII სს) |
| 653 ## - INDEX TERM--UNCONTROLLED |
| Uncontrolled term |
ფილოსოფია |
| 653 ## - INDEX TERM--UNCONTROLLED |
| Uncontrolled term |
დისერტაცია |
| 653 ## - INDEX TERM--UNCONTROLLED |
| Uncontrolled term |
ისტორია |
| 700 ## - ADDED ENTRY--PERSONAL NAME |
| Personal name |
ლორთქიფანიძე, გ. |
| Relator term |
სამეცნიერო ხელმძღვანელი |
| 9 (RLIN) |
1484 |
| 942 ## - ADDED ENTRY ELEMENTS (KOHA) |
| Koha item type |
წიგნი |
| Source of classification or shelving scheme |
|